[Event "QUO VADIS"]
[Site "SchemingMind.com"]
[Date "2010.05.03"]
[Round "-"]
[White "lennart"]
[Black "Olli Ylönen"]
[Result "1-0"]
[WhiteCountry "SWE"]
[BlackCountry "FIN"]
[WhiteElo "1485"]
[WhiteRD "62"]
[BlackElo "1486"]
[BlackRD "72"]
[GameID "247355"]

1. d4 Nf6 2. Nc3 d5 3. Nf3 c6 4. e3 Bg4 5. h3 Bxf3 6. Qxf3 e6 7. Bd3 g6 8. O-O Bg7 9. b3 O-O 10. Na4 b5
11. Nc5 Nbd7 12. Nxd7 Qxd7 13. Qg3 Rfe8 14. Ba3 a5 15. Bc5 Bf8 16. Bxf8 Kxf8 17. c3 b4 18. c4 h5 19. c5 Ke7 20. Rfe1 Rh8
21. Re2 Ne4 22. Bxe4 dxe4 23. Qh4+ g5 24. Qxg5+ f6 25. Qg7+ Kd8 26. Qxh8+ Qe8 27. Qxf6+
1-0

[Event "QUO VADIS"]
[Site "SchemingMind.com"]
[Date "2010.05.04"]
[Round "-"]
[White "lennart"]
[Black "szymasss"]
[Result "0-1"]
[WhiteCountry "SWE"]
[BlackCountry "POL"]
[WhiteElo "1485"]
[WhiteRD "62"]
[BlackElo "1510"]
[BlackRD "120"]
[GameID "247356"]

1. d4 d5 2. Nf3 Bf5 3. Nc3 e6 4. e3 Bb4 5. Qe2 Nc6 6. a3 Bxc3+ 7. bxc3 Nf6 8. Ra2 O-O 9. c4 Ne4 10. Bb2 Na5
11. Nd2 f6 12. cxd5 Qxd5 13. c4 Qc6 14. Nxe4 Bxe4 15. f3 Bg6 16. c5 Bf7 17. Ra1 Rfe8 18. Rb1 Bg6 19. Rd1 e5 20. d5 Qxc5
21. Rc1 Qxd5 22. Qc2 Bxc2 23. Rxc2 Rad8 24. Kf2 Qd1 25. Re2 Nc4 26. Bc3 Qd3 27. Bb4 f5 28. g3 f4 29. gxf4 exf4 30. e4 g5
31. Bh3 h5 32. Rg1 Ne5 33. Bg2 g4 34. Rd2 Qe3+ 35. Kf1 Rxd2
0-1

[Event "QUO VADIS"]
[Site "SchemingMind.com"]
[Date "2010.05.07"]
[Round "-"]
[White "lennart"]
[Black "m_jack"]
[Result "1-0"]
[WhiteCountry "SWE"]
[BlackCountry "ENG"]
[WhiteElo "1485"]
[WhiteRD "62"]
[BlackElo "1384"]
[BlackRD "103"]
[GameID "247357"]

1. d4 c6 2. e4 d6 3. Bd3 Nf6 4. Nf3 h6 5. O-O e6 6. c4 a6 7. Na3 Be7 8. b3 Nbd7 9. Bb2 c5 10. e5 dxe5
11. dxe5 Ng8 12. Qd2 b6 13. Be4 Ra7 14. Rad1 Bb7 15. Bxb7 Rxb7 16. Nc2 Bg5 17. Nxg5 hxg5 18. Ne3 Ne7 19. h3 Nf5 20. Nxf5 exf5
21. Qd5 Ra7 22. e6 fxe6 23. Qd3 Qe7 24. Rfe1 g4 25. Re3 Nb8 26. hxg4 fxg4 27. Qg6+ Kf8 28. Bxg7+ Qxg7 29. Rd8+
1-0

[Event "QUO VADIS"]
[Site "SchemingMind.com"]
[Date "2010.05.02"]
[Round "-"]
[White "lennart"]
[Black "Rucaul"]
[Result "0-1"]
[WhiteCountry "SWE"]
[BlackCountry "URU"]
[WhiteElo "1485"]
[WhiteRD "62"]
[BlackElo "1974"]
[BlackRD "123"]
[GameID "247358"]

1. d4 d5 2. e3 Nf6 3. Nf3 g6 4. Bb5+ Bd7 5. Bxd7+ Qxd7 6. O-O Bg7 7. Nc3 Nc6 8. a4 Rd8 9. Re1 O-O 10. Ra3 Rfe8
11. Rb3 b6 12. e4 Nxe4 13. Nxe4 dxe4 14. Rxe4 Nxd4 15. Rd3 e5 16. Nxd4 exd4 17. Rxe8+ Rxe8 18. g3 Qxa4 19. Ra3 Qb4 20. b3 Re1+
0-1

[Event "QUO VADIS"]
[Site "SchemingMind.com"]
[Date "2010.05.02"]
[Round "-"]
[White "lennart"]
[Black "Nikolik"]
[Result "0-1"]
[WhiteCountry "SWE"]
[BlackCountry "URU"]
[WhiteElo "1485"]
[WhiteRD "62"]
[BlackElo "1957"]
[BlackRD "125"]
[GameID "247359"]

1. d4 Nf6 2. Nc3 d5 3. e3 g6 4. Nf3 Bg7 5. Bb5+ Bd7 6. Bxd7+ Nbxd7 7. O-O O-O 8. b3 c6 9. a3 e5 10. dxe5 Ne4
11. Nxe4 dxe4 12. Nd4 Nxe5 13. a4 c5 14. Nb5 Qg5 15. f4 exf3 16. Rxf3 Nxf3+ 17. Qxf3 Bxa1 18. Nd6 Rad8 19. Ne4 Qe5
0-1

[Event "QUO VADIS"]
[Site "SchemingMind.com"]
[Date "2010.05.03"]
[Round "-"]
[White "faulty"]
[Black "lennart"]
[Result "1-0"]
[WhiteCountry "USA"]
[BlackCountry "SWE"]
[WhiteElo "1845"]
[WhiteRD "79"]
[BlackElo "1485"]
[BlackRD "62"]
[GameID "247360"]

1. e4 e5 2. Nf3 Nc6 3. Bb5 Nd4 4. Nxd4 exd4 5. O-O Nf6 6. d3 c6 7. Ba4 Bd6 8. f4 b5 9. Bb3 O-O 10. e5 Bc5
11. exf6 Qxf6 12. Kh1 a5 13. c3 dxc3 14. Nxc3 d5 15. Qf3 a4 16. Bc2 Ba6 17. Bd2 Bc8 18. Nxd5 Qd6 19. Nc3 Ra7 20. Ne4 Qe7
21. Nxc5 Qxc5 22. Rac1 Bb7 23. a3 Qb6 24. Qh3 Bc8 25. f5 f6 26. Be3 c5 27. Bxc5 Qb7 28. Bxf8 Kxf8 29. Qxh7 Kf7 30. Bd1
1-0

[Event "QUO VADIS"]
[Site "SchemingMind.com"]
[Date "2010.05.03"]
[Round "-"]
[White "BigDoggProblem"]
[Black "lennart"]
[Result "1-0"]
[WhiteCountry "USA"]
[BlackCountry "SWE"]
[WhiteElo "1915"]
[WhiteRD "91"]
[BlackElo "1463"]
[BlackRD "64"]
[GameID "247361"]

1. e4 e5 2. Nf3 Nc6 3. Bb5 Nce7 4. Nxe5 c6 5. Be2 d6 6. Nf3 Nf6 7. Nc3 Ng6 8. d4 Be7 9. O-O O-O 10. h3 b6
11. Be3 Rb8 12. Qd2 d5 13. e5 Nd7 14. Nh2 c5 15. f4 cxd4 16. Bxd4 Bc5 17. Rad1 Bb7 18. Bxc5 Nxc5 19. Nxd5 Bxd5 20. Qxd5 Qc7
21. Ng4 Rbd8 22. Qf3 Rxd1 23. Rxd1 Ne6 24. f5 Ng5 25. Qe3 Qc5 26. Qxc5 bxc5 27. fxg6 hxg6 28. Rd7 Ne6 29. Rxa7 Kh7 30. a4 Nd4
31. Bd3
1-0

[Event "QUO VADIS"]
[Site "SchemingMind.com"]
[Date "2010.05.02"]
[Round "-"]
[White "MOIMOI"]
[Black "lennart"]
[Result "1-0"]
[WhiteCountry "POL"]
[BlackCountry "SWE"]
[WhiteElo "1563"]
[WhiteRD "51"]
[BlackElo "1485"]
[BlackRD "62"]
[GameID "247363"]

1. Nf3 d5 2. e3 e6 3. Ne5 Nh6 4. Bb5+ c6 5. Ba4 b5 6. Bb3 Bd6 7. d4 Bxe5 8. dxe5 O-O 9. O-O Nd7 10. e4 dxe4
11. Bxh6 gxh6 12. Qg4+ Qg5 13. Qxe4 Nxe5 14. f4 Nf3+ 15. Rxf3 Qc5+ 16. Rf2 Rd8 17. Nc3 b4 18. Ne2 a5 19. c4 Ra7 20. g4 Rad7
21. Bc2 f6 22. Kg2 Re7 23. h3 f5 24. Qe5 Qxc4 25. Qf6 Qd5+ 26. Rf3 Rg7 27. Rd1 Rf8 28. Qxh6 Qc5 29. Nd4 Qc4 30. Bb3 Qa6
31. Bxe6+ Kh8 32. Nxf5 Rxf5 33. Rd8+
1-0

[Event "QUO VADIS"]
[Site "SchemingMind.com"]
[Date "2010.05.03"]
[Round "-"]
[White "Olli Ylönen"]
[Black "lennart"]
[Result "1-0"]
[WhiteCountry "FIN"]
[BlackCountry "SWE"]
[WhiteElo "1486"]
[WhiteRD "72"]
[BlackElo "1485"]
[BlackRD "62"]
[GameID "247364"]

1. e4 e5 2. Nf3 Nc6 3. Bb5 Nb4 4. Nxe5 c6 5. Ba4 Bd6 6. d4 b5 7. Bb3 Nf6 8. Nxf7 Qe7 9. e5 Ne4 10. Nxh8 Bxe5
11. dxe5 Qxe5 12. O-O Bb7 13. Nf7 Qf5 14. f4 c5 15. Nc3 Kf8 16. Nxb5 Qg4 17. Qxg4
1-0

[Event "QUO VADIS"]
[Site "SchemingMind.com"]
[Date "2010.05.04"]
[Round "-"]
[White "szymasss"]
[Black "lennart"]
[Result "0-1"]
[WhiteCountry "POL"]
[BlackCountry "SWE"]
[WhiteElo "1510"]
[WhiteRD "120"]
[BlackElo "1485"]
[BlackRD "62"]
[GameID "247365"]

1. e4 e5 2. Nc3 Nf6 3. Bc4 Nc6 4. d3 d6 5. Nf3 Bg4 6. h3 Bxf3 7. Qxf3 Be7 8. Be3 O-O 9. O-O a6 10. Qg3 Nh5
11. Qg4 g6 12. Nd5 Nf6 13. Nxf6+ Bxf6 14. h4 Bxh4 15. Qf3 Nd4 16. Bxd4 exd4 17. g3 Bg5 18. Rfe1 c6 19. Rab1 b5 20. Bb3 Ra7
21. c3 dxc3 22. bxc3 a5 23. a4 b4 24. cxb4 axb4 25. e5 d5 26. Rbc1 Bxc1 27. Rxc1 Qd7 28. d4 Qf5 29. Qg2 Qd3 30. Bc2 Qxd4
31. Qh3 Qd2 32. Qf1 Re8 33. Kg2 Rxe5 34. Bb3 Rae7 35. Rxc6 d4 36. Qc4 Rf5 37. Rd6 Qxf2+ 38. Kh3 Rh5+ 39. Kg4 Qf5#
0-1

[Event "QUO VADIS"]
[Site "SchemingMind.com"]
[Date "2010.05.07"]
[Round "-"]
[White "m_jack"]
[Black "lennart"]
[Result "1-0"]
[WhiteCountry "ENG"]
[BlackCountry "SWE"]
[WhiteElo "1384"]
[WhiteRD "103"]
[BlackElo "1485"]
[BlackRD "62"]
[GameID "247366"]

1. e4 e5 2. c3 Nf6 3. d3 Bc5 4. Qe2 d6 5. h3 Nc6 6. a4 Be6 7. b4 Nxb4 8. cxb4 Bxb4+ 9. Bd2 Bxd2+ 10. Qxd2 Nd7
11. Be2 Qe7 12. Nf3 O-O-O 13. Qe3 b6 14. a5 Nb8 15. axb6 cxb6 16. O-O Rd7 17. Rc1+ Kd8 18. d4 f6 19. Bb5 Rb7 20. d5 Bd7
21. Na3 a6 22. Bxd7 Qxd7 23. Nc4 Rc7 24. Qxb6 Ke7 25. Nh4 g6 26. Nxe5
1-0

[Event "QUO VADIS"]
[Site "SchemingMind.com"]
[Date "2010.05.02"]
[Round "-"]
[White "Rucaul"]
[Black "lennart"]
[Result "1-0"]
[WhiteCountry "URU"]
[BlackCountry "SWE"]
[WhiteElo "1974"]
[WhiteRD "123"]
[BlackElo "1485"]
[BlackRD "62"]
[GameID "247367"]

1. c4 e5 2. Nc3 c6 3. Nf3 d6 4. d4 exd4 5. Qxd4 c5 6. Qd3 Be6 7. Ng5 Nf6 8. Nxe6 Qd7 9. Nxf8 Kxf8 10. Bf4 Kg8
11. Qxd6 Qxd6 12. Bxd6 Nc6 13. Bxc5 h6 14. Rd1 b6 15. Bd6 Kh7 16. g3 Rhe8 17. Nb5 Rac8 18. Bh3 Rcd8 19. Bg2 Na5 20. b3 Rc8
21. Nxa7 Rcd8 22. Bc7 Rxd1+ 23. Kxd1 Re6 24. Bh3
1-0

[Event "QUO VADIS"]
[Site "SchemingMind.com"]
[Date "2010.05.02"]
[Round "-"]
[White "Nikolik"]
[Black "lennart"]
[Result "1-0"]
[WhiteCountry "URU"]
[BlackCountry "SWE"]
[WhiteElo "1957"]
[WhiteRD "125"]
[BlackElo "1485"]
[BlackRD "62"]
[GameID "247368"]

1. d4 d5 2. c4 dxc4 3. e4 b5 4. a4 c6 5. axb5 cxb5 6. Nc3 Bd7 7. Nf3 a6 8. d5 Qc7 9. e5 Bg4 10. Nxb5 Qc5
11. Qa4 Nd7 12. Be3 Qc8 13. Bxc4 a5 14. e6 fxe6 15. dxe6 Bxe6 16. Bxe6 Ngf6 17. Ng5 Qc6 18. Rc1 Qxg2 19. Bf7+ Kd8 20. Ne6#
1-0